[Event "Championnat de France Universitaire 201"]
[Site "Chalons-en-Champagne"]
[Date "2015.03.28"]
[Round "1.1"]
[White "Wattiez, Nicolas"]
[Black "Loiseau, Quentin"]
[Result "0-1"]
[WhiteElo "2010"]
[BlackElo "2630"]
[PlyCount "52"]
[EventDate "2015.03.28"]
[EventType "swiss (rapid)"]
[EventRounds "9"]
[EventCountry "FRA"]

1. c4 b6 2. Nc3 Bb7 3. d4 e6 4. e4 Bb4 5. Bd3 f5 6. Qe2 Nf6 7. f3 fxe4 8. fxe4
Bxc3+ 9. bxc3 Nxe4 10. Qh5+ g6 11. Qg4 Nf6 12. Qg5 Qe7 13. Ne2 O-O 14. O-O Nc6
15. d5 exd5 16. cxd5 Ne5 17. Bc2 Bxd5 18. Nd4 Rae8 19. Nf5 Qc5+ 20. Be3 Qxc3
21. Bd4 Qxc2 22. Nh6+ Kg7 23. Nf5+ Kh8 24. Ne3 Qe4 25. Nxd5 Qxd4+ 26. Ne3 Neg4
0-1

[Event "Championnat de France Universitaire 201"]
[Site "Chalons-en-Champagne"]
[Date "2015.03.28"]
[Round "1.2"]
[White "Demuth, Adrien"]
[Black "Loew, Mathieu"]
[Result "1-0"]
[WhiteElo "2600"]
[BlackElo "1940"]
[PlyCount "79"]
[EventDate "2015.03.28"]
[EventType "swiss (rapid)"]
[EventRounds "9"]
[EventCountry "FRA"]

1. Nf3 d5 2. g3 c6 3. Bg2 Nf6 4. O-O Bg4 5. d4 e6 6. Nbd2 Nbd7 7. Re1 Bd6 8. e4
dxe4 9. Nxe4 Bc7 10. c3 h6 11. Qb3 Rb8 12. Nxf6+ Qxf6 13. Nd2 Bf5 14. Ne4 Qd8
15. Qa3 Bxe4 16. Bxe4 a5 17. Bg2 Nf6 18. b3 Bd6 19. Qb2 O-O 20. Qc2 Qc7 21. Bb2
Rbd8 22. c4 Bb4 23. Re2 Bd6 24. Qc3 Bb4 25. Qf3 Bd6 26. Rae1 Bb4 27. Rc1 Be7
28. Qc3 Bb4 29. Qc2 Be7 30. Qc3 Bb4 31. Qe3 Bd6 32. d5 exd5 33. Bxf6 gxf6 34.
Qxh6 f5 35. Qg5+ Kh8 36. Qxf5 Ba3 37. Rce1 Bb4 38. Qf6+ Kg8 39. Re5 Bd2 40. Rh5
1-0

[Event "Championnat de France Universitaire 201"]
[Site "Chalons-en-Champagne"]
[Date "2015.03.28"]
[Round "1.3"]
[White "Dubois, Thomas"]
[Black "Dubessay, Bastien"]
[Result "0-1"]
[WhiteElo "1850"]
[BlackElo "2360"]
[PlyCount "58"]
[EventDate "2015.03.28"]
[EventType "swiss (rapid)"]
[EventRounds "9"]
[EventCountry "FRA"]

1. e4 c5 2. c4 Nc6 3. Nc3 g6 4. d3 Bg7 5. f4 d6 6. Nf3 e6 7. Be2 Nge7 8. O-O
O-O 9. Be3 Nd4 10. a3 a6 11. Bxd4 cxd4 12. Na2 e5 13. fxe5 dxe5 14. b4 Qc7 15.
Qb3 Bh6 16. b5 a5 17. a4 b6 18. Qa3 Bb7 19. Nc1 f5 20. exf5 Nxf5 21. Nb3 Ne3
22. Nfd2 Nxf1 23. Rxf1 Be3+ 24. Kh1 Rxf1+ 25. Nxf1 Rf8 26. Ng3 Rf2 27. Bf1 Qf7
28. Qa1 h5 29. h4 Qf4 0-1

[Event "Championnat de France Universitaire 201"]
[Site "Chalons-en-Champagne"]
[Date "2015.03.28"]
[Round "1.4"]
[White "Fougerit, Valentin"]
[Black "Haller, Noemie"]
[Result "1-0"]
[WhiteElo "2360"]
[BlackElo "1610"]
[PlyCount "43"]
[EventDate "2015.03.28"]
[EventType "swiss (rapid)"]
[EventRounds "9"]
[EventCountry "FRA"]

1. e4 c5 2. Nf3 d6 3. Bb5+ Nc6 4. c3 a6 5. Ba4 b5 6. Bc2 Bb7 7. O-O Nf6 8. Re1
g6 9. d3 Bg7 10. Nbd2 O-O 11. Nf1 d5 12. e5 Nd7 13. d4 e6 14. Bg5 Qb6 15. Qd2
b4 16. Bh6 cxd4 17. Bxg7 Kxg7 18. cxd4 a5 19. Ng3 a4 20. Nh5+ Kh8 21. Qh6 f6
22. Qg7# 1-0

[Event "Championnat de France Universitaire 201"]
[Site "Chalons-en-Champagne"]
[Date "2015.03.28"]
[Round "2.1"]
[White "Loiseau, Quentin"]
[Black "Selebran, Henri"]
[Result "1-0"]
[WhiteElo "2630"]
[BlackElo "2150"]
[PlyCount "65"]
[EventDate "2015.03.28"]
[EventType "swiss (rapid)"]
[EventRounds "9"]
[EventCountry "FRA"]

1. Nf3 d5 2. b3 c5 3. e3 Nc6 4. Bb5 Nf6 5. O-O e6 6. d4 Bd7 7. Bb2 cxd4 8. exd4
Be7 9. Nbd2 O-O 10. Re1 Ne8 11. Bd3 Nd6 12. c4 dxc4 13. bxc4 Bf6 14. Ne4 Nf5
15. Nxf6+ Qxf6 16. Rb1 Qd8 17. Bxf5 exf5 18. d5 Na5 19. Qd4 f6 20. Bc3 Re8 21.
Rxe8+ Bxe8 22. h4 Bf7 23. Rb5 b6 24. Bxa5 bxa5 25. d6 Be6 26. c5 Qd7 27. Qb2
Qc6 28. Nd4 Qd5 29. Rb8+ Rxb8 30. Qxb8+ Kf7 31. Qc7+ Kg6 32. Nxe6 Qxe6 33. d7
1-0

[Event "Championnat de France Universitaire 201"]
[Site "Chalons-en-Champagne"]
[Date "2015.03.28"]
[Round "2.2"]
[White "Oltmanns, Ingmar"]
[Black "Demuth, Adrien"]
[Result "0-1"]
[WhiteElo "2140"]
[BlackElo "2600"]
[PlyCount "96"]
[EventDate "2015.03.28"]
[EventType "swiss (rapid)"]
[EventRounds "9"]
[EventCountry "FRA"]

1. d4 g6 2. c4 Bg7 3. Nc3 d6 4. e4 Nc6 5. Be3 e5 6. d5 Nce7 7. Bd3 f5 8. f3 Nf6
9. Qd2 O-O 10. Nge2 fxe4 11. fxe4 Ng4 12. Bg5 h6 13. Bh4 g5 14. Bg3 Ng6 15. h3
Nf6 16. O-O-O Qe7 17. Bh2 Nh5 18. Bg1 Nh4 19. Rh2 Nf4 20. Nxf4 exf4 21. Nb5 c5
22. dxc6 bxc6 23. Nd4 c5 24. Nf3 Rb8 25. b3 Nxf3 26. gxf3 Be5 27. h4 g4 28.
fxg4 Bxg4 29. Rg2 h5 30. Bh2 Kh7 31. Rf1 f3 32. Rgf2 Qxh4 33. Bxe5 dxe5 34. Qe3
Qf6 35. Be2 Qf4 36. Qxf4 Rxf4 37. Bd1 Rbf8 38. Re1 Kg6 39. a3 Kg5 40. b4 Rd8
41. bxc5 Rd4 42. Bb3 Rfxe4 43. Ref1 Re3 44. Kc2 Rdd3 45. c6 Rxb3 46. c7 Rec3+
47. Kd2 e4 48. Rxf3 exf3 0-1

[Event "Championnat de France Universitaire 201"]
[Site "Chalons-en-Champagne"]
[Date "2015.03.28"]
[Round "2.3"]
[White "Dubessay, Bastien"]
[Black "Utrera, Ludovic"]
[Result "1-0"]
[WhiteElo "2360"]
[BlackElo "2130"]
[PlyCount "80"]
[EventDate "2015.03.28"]
[EventType "swiss (rapid)"]
[EventRounds "9"]
[EventCountry "FRA"]

1. d4 Nf6 2. c4 c5 3. d5 e6 4. Nc3 exd5 5. cxd5 d6 6. Nf3 g6 7. Bf4 Bg7 8. Qa4+
Bd7 9. Qb3 Qc7 10. e4 Nh5 11. Be3 O-O 12. Nd2 a6 13. a4 b6 14. Be2 Nf6 15. O-O
Re8 16. h3 Bc8 17. f4 Nbd7 18. Bf3 Rb8 19. Nc4 Bb7 20. Rae1 Kh8 21. Bf2 Ng8 22.
Bg3 Nh6 23. Kh1 f5 24. e5 dxe5 25. d6 Qd8 26. Bxb7 Rxb7 27. fxe5 Qg5 28. Bf4
Qh4 29. e6 Rbb8 30. Qd1 Ng4 31. exd7 Rxe1 32. Qxe1 Qxe1 33. Rxe1 Nf6 34. Nxb6
Rd8 35. Bg5 Kg8 36. Bxf6 Bxf6 37. Ncd5 Bh4 38. Re8+ Kf7 39. Re7+ Bxe7 40. dxe7
Rb8 1-0

[Event "Championnat de France Universitaire 201"]
[Site "Chalons-en-Champagne"]
[Date "2015.03.28"]
[Round "2.4"]
[White "Budak, Rewi"]
[Black "Fougerit, Valentin"]
[Result "0-1"]
[WhiteElo "2120"]
[BlackElo "2360"]
[PlyCount "88"]
[EventDate "2015.03.28"]
[EventType "swiss (rapid)"]
[EventRounds "9"]
[EventCountry "FRA"]

1. e4 e5 2. Nf3 Nf6 3. d3 d6 4. Be2 Be7 5. O-O O-O 6. Re1 c6 7. Nbd2 Qc7 8. b3
Nbd7 9. Bb2 Re8 10. Bf1 Nf8 11. Nc4 Ng6 12. g3 Bf8 13. Bg2 Be6 14. Qd2 Rad8 15.
Qa5 b6 16. Qc3 h6 17. Rad1 c5 18. Ne3 b5 19. Qd2 Qb6 20. Bc3 Rc8 21. Rb1 Qa6
22. a4 bxa4 23. Ra1 Bd7 24. Nc4 Rb8 25. bxa4 Ne7 26. Nxd6 Qxd6 27. Bxe5 Qa6 28.
Bxb8 Rxb8 29. Bf1 Qe6 30. Qc3 Nc6 31. Bg2 Nb4 32. Nh4 Ng4 33. f3 Ne5 34. f4
Nec6 35. f5 Qe5 36. Qd2 Nd4 37. c3 Nb3 38. Qe2 Nxa1 39. cxb4 Rxb4 40. Rc1 Nb3
41. Rb1 Nd4 42. Qa2 Ne2+ 43. Kf2 Nc3 44. Nf3 Qc7 0-1

[Event "Championnat de France Universitaire 201"]
[Site "Chalons-en-Champagne"]
[Date "2015.03.28"]
[Round "3.1"]
[White "Fougerit, Valentin"]
[Black "Loiseau, Quentin"]
[Result "1-0"]
[WhiteElo "2360"]
[BlackElo "2630"]
[PlyCount "119"]
[EventDate "2015.03.28"]
[EventType "swiss (rapid)"]
[EventRounds "9"]
[EventCountry "FRA"]

1. e4 e5 2. Nf3 Nc6 3. Bc4 Bc5 4. c3 Nf6 5. d3 O-O 6. b4 Bb6 7. Bb3 d5 8. exd5
Nxd5 9. O-O Bg4 10. Bg5 f6 11. Bd2 Kh8 12. Na3 a5 13. b5 Nce7 14. Qe2 a4 15.
Bc2 Ng6 16. Rad1 Nh4 17. Nc4 Qd7 18. Nxb6 cxb6 19. Qe4 Bxf3 20. Qxh4 Bxd1 21.
Rxd1 f5 22. c4 Nf6 23. Bc3 Rae8 24. Bxa4 Qd6 25. Qg3 Qa3 26. Bb3 e4 27. dxe4
fxe4 28. h4 Rd8 29. Re1 Rd3 30. Re3 Qc1+ 31. Be1 Rxe3 32. Qxe3 Qxe3 33. fxe3
Ng4 34. a4 Nxe3 35. Bf2 Ng4 36. Bxb6 e3 37. Bd1 Nf2 38. Bf3 Re8 39. Bxe3 Rxe3
40. Kxf2 Ra3 41. Bxb7 Rxa4 42. Bd5 Rb4 43. Ke3 g5 44. hxg5 Kg7 45. Kd4 Rb2 46.
Kc5 Kg6 47. b6 Kxg5 48. Bc6 Kf6 49. Bb5 Rxg2 50. b7 Rg8 51. Kb6 Ke5 52. Bd7 Rb8
53. Kc7 Rxb7+ 54. Kxb7 Kd4 55. Be6 Kc5 56. Ka6 h5 57. Ka5 h4 58. Ka4 h3 59. Bd5
h2 60. Kb3 1-0

[Event "Championnat de France Universitaire 201"]
[Site "Chalons-en-Champagne"]
[Date "2015.03.28"]
[Round "3.2"]
[White "Demuth, Adrien"]
[Black "Dubessay, Bastien"]
[Result "1-0"]
[WhiteElo "2600"]
[BlackElo "2360"]
[PlyCount "111"]
[EventDate "2015.03.28"]
[EventType "swiss (rapid)"]
[EventRounds "9"]
[EventCountry "FRA"]

1. Nf3 Nf6 2. c4 c5 3. b3 g6 4. Bb2 Bg7 5. g3 O-O 6. Bg2 Nc6 7. O-O b6 8. d4
cxd4 9. Nxd4 Bb7 10. Nc3 Qc8 11. Rc1 Nxd4 12. Qxd4 Ne4 13. Nd5 Bxd4 14. Nxe7+
Kg7 15. Bxd4+ f6 16. Nxc8 Raxc8 17. Rfd1 Rf7 18. Bb2 Re8 19. Rd4 Nc5 20. e3
Bxg2 21. Kxg2 Re6 22. Rcd1 a5 23. Ba3 Ne4 24. Rxd7 Nc3 25. Rxf7+ Kxf7 26. Rd7+
Kg8 27. Rd2 Kf7 28. Rc2 Ne4 29. Bb2 Rd6 30. Bd4 Ke6 31. Kf3 f5 32. Ke2 Rc6 33.
f3 Ng5 34. h4 Nf7 35. Kd3 g5 36. hxg5 Nxg5 37. Rh2 Nxf3 38. Rh6+ Kd7 39. Rxh7+
Kc8 40. Rf7 Ne1+ 41. Kd2 Nf3+ 42. Ke2 Ng5 43. Rxf5 Ne4 44. Kf3 Nd2+ 45. Kf4 a4
46. Rf6 Rc7 47. Rxb6 axb3 48. axb3 Rf7+ 49. Ke5 Nf3+ 50. Kd5 Rf5+ 51. Kc6 Rg5
52. Rb5 Rxg3 53. Rf5 Rg6+ 54. Kc5 Nd2 55. b4 Nb3+ 56. Kd5 1-0

[Event "Championnat de France Universitaire 201"]
[Site "Chalons-en-Champagne"]
[Date "2015.03.28"]
[Round "3.3"]
[White "Rouffignac, Tanguy"]
[Black "Sauviat, Thomas"]
[Result "1/2-1/2"]
[WhiteElo "2230"]
[BlackElo "2320"]
[PlyCount "76"]
[EventDate "2015.03.28"]
[EventType "swiss (rapid)"]
[EventRounds "9"]
[EventCountry "FRA"]

1. e4 c5 2. Nf3 g6 3. d4 cxd4 4. Qxd4 Nf6 5. e5 Nc6 6. Qa4 Nd5 7. c4 Nc7 8. Bf4
Bg7 9. Nc3 O-O 10. Be2 Ne6 11. Bg3 Ned4 12. Nxd4 Nxd4 13. Bd3 d6 14. exd6 exd6
15. O-O f5 16. Bf4 Ne6 17. Bd2 Bd7 18. Qa3 Bc6 19. Nd5 Nc5 20. Rfe1 Bxd5 21.
cxd5 Nxd3 22. Qxd3 Rc8 23. Rab1 Qd7 24. b3 Rfe8 25. Rxe8+ Rxe8 26. Re1 Rxe1+
27. Bxe1 Qe7 28. Kf1 Be5 29. h3 Kf7 30. Qe3 b5 31. f4 Bf6 32. Qxe7+ Kxe7 33.
Ke2 Bd4 34. Bf2 Bc5 35. Bh4+ Kd7 36. Kd3 a6 37. Bf6 Bf2 38. Ke2 Bc5 1/2-1/2

[Event "Championnat de France Universitaire 201"]
[Site "Chalons-en-Champagne"]
[Date "2015.03.28"]
[Round "3.4"]
[White "Degardin, Sylvain"]
[Black "Viers, Emmanuel"]
[Result "1-0"]
[WhiteElo "2110"]
[BlackElo "2200"]
[PlyCount "79"]
[EventDate "2015.03.28"]
[EventType "swiss (rapid)"]
[EventRounds "9"]
[EventCountry "FRA"]

1. Nf3 Nf6 2. c4 g6 3. Nc3 c6 4. e4 d6 5. d4 Bg7 6. Be2 O-O 7. O-O Nbd7 8. e5
dxe5 9. dxe5 Ng4 10. e6 Nde5 11. exf7+ Nxf7 12. Qb3 Qc7 13. h3 Nf6 14. c5 Kh8
15. Be3 Rb8 16. Bc4 Ne5 17. Nxe5 Qxe5 18. Rfe1 Qf5 19. Rad1 Nd7 20. Be6 Nxc5
21. Bxf5 Nxb3 22. Bxc8 Rbxc8 23. axb3 Rfd8 24. Bxa7 Bf6 25. Bb6 Rxd1 26. Rxd1
Kg7 27. Rd7 Rb8 28. Ne4 Bxb2 29. Rxe7+ Kg8 30. Rd7 Be5 31. g3 Ra8 32. Rd8+ Rxd8
33. Bxd8 Kf7 34. Bb6 h6 35. f4 Bb8 36. Nc5 g5 37. fxg5 Bxg3 38. gxh6 Kg6 39.
Kg2 Be5 40. Nxb7 1-0

[Event "Championnat de France Universitaire 201"]
[Site "Chalons-en-Champagne"]
[Date "2015.03.28"]
[Round "4.1"]
[White "Fougerit, Valentin"]
[Black "Demuth, Adrien"]
[Result "0-1"]
[WhiteElo "2360"]
[BlackElo "2600"]
[PlyCount "86"]
[EventDate "2015.03.28"]
[EventType "swiss (rapid)"]
[EventRounds "9"]
[EventCountry "FRA"]

1. e4 c6 2. d4 d5 3. exd5 cxd5 4. c4 Nf6 5. Nc3 Nc6 6. Bg5 dxc4 7. d5 Ne5 8.
Qd4 h6 9. Bf4 Ng6 10. Bg3 e6 11. d6 Ne7 12. O-O-O Nf5 13. Qxc4 Bd7 14. Nb5 Bxb5
15. Qxb5+ Qd7 16. Nf3 a6 17. Qb4 Nxg3 18. hxg3 Rc8+ 19. Kb1 Rc6 20. Ne5 Rxd6
21. Nxd7 Rxd1+ 22. Kc2 Bxb4 23. Nxf6+ Ke7 24. Kxd1 Rd8+ 25. Kc2 Kxf6 26. Bd3
Bc5 27. f3 Bf2 28. Be4 Rd7 29. g4 Kg5 30. Rf1 Bc5 31. g3 Bd6 32. Rg1 f5 33.
gxf5 exf5 34. Bd3 h5 35. a3 g6 36. Kd2 Re7 37. Rg2 Kf6 38. g4 Bf4+ 39. Kc3 h4
40. gxf5 gxf5 41. Rg1 h3 42. Rh1 h2 43. a4 Rg7 0-1

[Event "Championnat de France Universitaire 201"]
[Site "Chalons-en-Champagne"]
[Date "2015.03.28"]
[Round "4.2"]
[White "Degardin, Sylvain"]
[Black "Rouffignac, Tanguy"]
[Result "1/2-1/2"]
[WhiteElo "2110"]
[BlackElo "2230"]
[PlyCount "66"]
[EventDate "2015.03.28"]
[EventType "swiss (rapid)"]
[EventRounds "9"]
[EventCountry "FRA"]

1. d4 Nf6 2. c4 g6 3. g3 d5 4. cxd5 Nxd5 5. Bg2 Bg7 6. Nf3 O-O 7. O-O Nb6 8.
Nc3 Nc6 9. e3 e5 10. d5 Ne7 11. e4 Nc4 12. b3 Nd6 13. Ba3 h6 14. Rc1 Bd7 15.
Nd2 f5 16. Nc4 Nec8 17. exf5 gxf5 18. f4 e4 19. Ne5 Re8 20. Bb2 Nf7 21. Qh5
Nxe5 22. fxe5 Rxe5 23. Nxe4 Be8 24. Qh3 Rxe4 25. Bxe4 fxe4 26. Qe6+ Kh7 27.
Bxg7 Kxg7 28. Qe5+ Kg8 29. Qe6+ Kg7 30. Qe5+ Kg8 31. Qe6+ Kg7 32. Qg8+ Kxg8 33.
Rxc7 Bd7 1/2-1/2

[Event "Championnat de France Universitaire 201"]
[Site "Chalons-en-Champagne"]
[Date "2015.03.28"]
[Round "4.3"]
[White "Loiseau, Quentin"]
[Black "Viers, Mathieu"]
[Result "1-0"]
[WhiteElo "2630"]
[BlackElo "2070"]
[PlyCount "67"]
[EventDate "2015.03.28"]
[EventType "swiss (rapid)"]
[EventRounds "9"]
[EventCountry "FRA"]

1. Nf3 Nf6 2. g3 g6 3. Bg2 Bg7 4. O-O O-O 5. c4 d6 6. d4 Na6 7. Nc3 c5 8. b3
Bf5 9. Bb2 Qd7 10. Re1 cxd4 11. Nxd4 Nc5 12. Nxf5 Qxf5 13. b4 Nce4 14. Nxe4
Nxe4 15. Bxg7 Kxg7 16. Qd4+ Nf6 17. Bxb7 Rab8 18. Bg2 Rxb4 19. Qxa7 Qe6 20. c5
dxc5 21. Qxc5 Rb2 22. a4 Rc8 23. Qd4 Rcc2 24. a5 Qa6 25. Be4 e5 26. Qd3 Qxd3
27. Bxd3 Rc7 28. a6 Ra7 29. Reb1 Rd2 30. Kf1 e4 31. Ke1 exd3 32. Kxd2 dxe2 33.
Rb7 Ra8 34. Kxe2 1-0

[Event "Championnat de France Universitaire 201"]
[Site "Chalons-en-Champagne"]
[Date "2015.03.28"]
[Round "4.4"]
[White "Dubessay, Bastien"]
[Black "Budak, Rewi"]
[Result "1-0"]
[WhiteElo "2360"]
[BlackElo "2120"]
[PlyCount "78"]
[EventDate "2015.03.28"]
[EventType "swiss (rapid)"]
[EventRounds "9"]
[EventCountry "FRA"]

1. d4 c5 2. d5 e5 3. c4 d6 4. Nc3 g6 5. e4 Bg7 6. Be3 Ne7 7. Qd2 f5 8. f3 Na6
9. Bd3 O-O 10. Nge2 Nc7 11. g3 Rf7 12. Bg5 Bf6 13. Be3 Rb8 14. h4 Bd7 15. h5 a6
16. hxg6 hxg6 17. Bg5 Bxg5 18. Qxg5 Rg7 19. O-O-O b5 20. Qf6 Ne8 21. Qh4 bxc4
22. Bxc4 Qb6 23. Rd2 Bb5 24. Bxb5 axb5 25. exf5 Nxf5 26. Qh8+ Kf7 27. Ne4 Nc7
28. Qh3 c4 29. g4 Ne3 30. f4 Ncxd5 31. fxe5 dxe5 32. N2c3 Nf4 33. Rd7+ Ke6 34.
Rxg7 Nxh3 35. Rxg6+ Kd7 36. Rxb6 Rxb6 37. Rxh3 Nxg4 38. Rh7+ Ke8 39. Rg7 Nf2
1-0

[Event "Championnat de France Universitaire 201"]
[Site "Chalons-en-Champagne"]
[Date "2015.03.28"]
[Round "5.1"]
[White "Demuth, Adrien"]
[Black "Degardin, Sylvain"]
[Result "1-0"]
[WhiteElo "2600"]
[BlackElo "2110"]
[PlyCount "65"]
[EventDate "2015.03.28"]
[EventType "swiss (rapid)"]
[EventRounds "9"]
[EventCountry "FRA"]

1. Nf3 d5 2. c4 c6 3. g3 Nf6 4. Bg2 g6 5. b3 Bg7 6. Bb2 O-O 7. O-O Bf5 8. d3 a5
9. Qc2 Na6 10. a3 Qb6 11. Nbd2 Nc5 12. Rac1 dxc4 13. bxc4 Rfd8 14. Bd4 Nfd7 15.
Rb1 Qc7 16. Bxg7 Kxg7 17. e4 Bg4 18. d4 Na6 19. h3 Bxf3 20. Nxf3 e5 21. dxe5
Nac5 22. Qb2 Kg8 23. Rfd1 Re8 24. Qd4 Rad8 25. Qe3 b6 26. e6 Rxe6 27. Nd4 Re7
28. Qg5 Rde8 29. Nf5 Re5 30. Nh6+ Kg7 31. Qf4 R8e7 32. Ng4 R5e6 33. Qxc7 1-0

[Event "Championnat de France Universitaire 201"]
[Site "Chalons-en-Champagne"]
[Date "2015.03.28"]
[Round "5.2"]
[White "Rouffignac, Tanguy"]
[Black "Loiseau, Quentin"]
[Result "0-1"]
[WhiteElo "2230"]
[BlackElo "2630"]
[PlyCount "60"]
[EventDate "2015.03.28"]
[EventType "swiss (rapid)"]
[EventRounds "9"]
[EventCountry "FRA"]

1. e4 c5 2. Nf3 e6 3. Nc3 a6 4. g3 b5 5. d4 cxd4 6. Nxd4 Bb7 7. Bg2 Nf6 8. O-O
b4 9. Na4 Bxe4 10. Bxe4 Nxe4 11. Re1 Nc5 12. c4 Nxa4 13. Qxa4 Qb6 14. Be3 Bc5
15. Rad1 O-O 16. Nc2 Nc6 17. Rd6 Bxe3 18. Nxe3 Qc5 19. Red1 f5 20. Rxd7 Ne5 21.
Rb7 f4 22. Rdd7 Nxd7 23. Qxd7 Qe5 24. Ng4 Qe1+ 25. Kg2 f3+ 26. Kh3 Qf1+ 27. Kh4
g5+ 28. Kxg5 Rf5+ 29. Kh4 Qh3+ 30. Kxh3 Rh5# 0-1

[Event "Championnat de France Universitaire 201"]
[Site "Chalons-en-Champagne"]
[Date "2015.03.28"]
[Round "5.3"]
[White "Selebran, Henri"]
[Black "Dubessay, Bastien"]
[Result "0-1"]
[WhiteElo "2150"]
[BlackElo "2360"]
[PlyCount "64"]
[EventDate "2015.03.28"]
[EventType "swiss (rapid)"]
[EventRounds "9"]
[EventCountry "FRA"]

1. e4 c5 2. c3 Qa5 3. g3 d6 4. Bg2 Nc6 5. Ne2 h5 6. h3 Nh6 7. O-O h4 8. d4 cxd4
9. cxd4 hxg3 10. fxg3 g6 11. Be3 Bg7 12. Nbc3 Qh5 13. Nf4 Qg5 14. Nfd5 Qxg3 15.
Rf3 Qh4 16. Bf2 Qh5 17. Nc7+ Kd8 18. Nxa8 g5 19. Rd3 g4 20. h4 f5 21. Nd5 Qf7
22. Qd2 fxe4 23. Bxe4 Nf5 24. Rf1 Bh6 25. Be3 Qh5 26. Bxf5 Bxf5 27. Bxh6 Bxd3
28. Qxd3 Qxd5 29. Rf8+ Rxf8 30. Bxf8 Nxd4 31. Kf2 g3+ 32. Ke3 Nf5+ 0-1

[Event "Championnat de France Universitaire 201"]
[Site "Chalons-en-Champagne"]
[Date "2015.03.28"]
[Round "5.4"]
[White "Viers, Mathieu"]
[Black "Fougerit, Valentin"]
[Result "0-1"]
[WhiteElo "2070"]
[BlackElo "2360"]
[PlyCount "66"]
[EventDate "2015.03.28"]
[EventType "swiss (rapid)"]
[EventRounds "9"]
[EventCountry "FRA"]

1. e4 e5 2. Bc4 Nf6 3. d3 c6 4. Bb3 Be7 5. c3 O-O 6. Nf3 d6 7. h3 Nbd7 8. O-O
h6 9. Nbd2 Re8 10. Nc4 b5 11. Ne3 Nf8 12. Nf5 Bxf5 13. exf5 Qd7 14. Nh4 d5 15.
Qf3 N8h7 16. c4 bxc4 17. dxc4 d4 18. Ba4 Rac8 19. Qg3 Ne4 20. Qg4 Nhf6 21. Qf3
Nc5 22. Bd1 Bd6 23. b4 e4 24. Qa3 Nd3 25. c5 Be5 26. Bb3 Nd5 27. Bd2 Bf6 28.
Ng6 Qxf5 29. Bxd5 cxd5 30. Nf4 Nxf4 31. Bxf4 Qxf4 32. Qxa7 d3 33. Qd7 Bxa1 0-1

[Event "Championnat de France Universitaire 201"]
[Site "Chalons-en-Champagne"]
[Date "2015.03.28"]
[Round "6.1"]
[White "Loiseau, Quentin"]
[Black "Demuth, Adrien"]
[Result "1/2-1/2"]
[WhiteElo "2630"]
[BlackElo "2600"]
[PlyCount "24"]
[EventDate "2015.03.28"]
[EventType "swiss (rapid)"]
[EventRounds "9"]
[EventCountry "FRA"]

1. d4 f5 2. c4 Nf6 3. Nc3 d6 4. Bg5 Nbd7 5. Qc2 g6 6. e4 fxe4 7. Nge2 e5 8.
Nxe4 Be7 9. Bh6 Nxe4 10. Qxe4 Nf6 11. Qc2 Ng4 12. Bd2 O-O 1/2-1/2

[Event "Championnat de France Universitaire 201"]
[Site "Chalons-en-Champagne"]
[Date "2015.03.28"]
[Round "6.2"]
[White "Dubessay, Bastien"]
[Black "Fougerit, Valentin"]
[Result "1/2-1/2"]
[WhiteElo "2360"]
[BlackElo "2360"]
[PlyCount "42"]
[EventDate "2015.03.28"]
[EventType "swiss (rapid)"]
[EventRounds "9"]
[EventCountry "FRA"]

1. d4 Nf6 2. c4 e6 3. Nc3 Bb4 4. g3 d5 5. Bg2 O-O 6. Nf3 Nbd7 7. O-O c6 8. a3
Bd6 9. Qc2 Re8 10. e4 dxe4 11. Nxe4 Nxe4 12. Qxe4 e5 13. Bg5 f6 14. Bd2 exd4
15. Qxd4 Ne5 16. Bc3 Be6 17. Rad1 Bc7 18. Qh4 Nxf3+ 19. Bxf3 Qe7 20. Rfe1 Qf7
21. b3 Bf5 1/2-1/2

[Event "Championnat de France Universitaire 201"]
[Site "Chalons-en-Champagne"]
[Date "2015.03.28"]
[Round "6.3"]
[White "Sauviat, Thomas"]
[Black "Selebran, Henri"]
[Result "1/2-1/2"]
[WhiteElo "2320"]
[BlackElo "2150"]
[PlyCount "74"]
[EventDate "2015.03.28"]
[EventType "swiss (rapid)"]
[EventRounds "9"]
[EventCountry "FRA"]

1. c4 e6 2. Nc3 d5 3. d4 Nf6 4. Nf3 Be7 5. Bg5 O-O 6. e3 b6 7. cxd5 exd5 8. Bd3
Bb7 9. O-O Ne4 10. Bxe7 Qxe7 11. Rc1 c5 12. dxc5 Nxc5 13. Nd4 Nxd3 14. Qxd3 Nd7
15. Rfd1 Nc5 16. Qe2 Rfd8 17. Qg4 g6 18. a3 Rac8 19. b4 Ne4 20. Nxe4 Qxe4 21.
Qxe4 dxe4 22. Kf1 Kf8 23. Ke2 Ke7 24. Kd2 a6 25. Rxc8 Rxc8 26. Rc1 Rxc1 27.
Kxc1 Kd6 28. Kc2 Bd5 29. Kc3 Ke5 30. Ne2 f5 31. h4 h6 32. g3 g5 33. hxg5 hxg5
34. Nd4 Bb7 35. Nb3 Bd5 36. Nd4 Bb7 37. b5 a5 1/2-1/2

[Event "Championnat de France Universitaire 201"]
[Site "Chalons-en-Champagne"]
[Date "2015.03.28"]
[Round "6.4"]
[White "Budak, Rewi"]
[Black "Rouffignac, Tanguy"]
[Result "0-1"]
[WhiteElo "2120"]
[BlackElo "2230"]
[PlyCount "152"]
[EventDate "2015.03.28"]
[EventType "swiss (rapid)"]
[EventRounds "9"]
[EventCountry "FRA"]

1. e4 e5 2. Nf3 Nc6 3. Bc4 Bc5 4. c3 Nf6 5. d4 exd4 6. cxd4 Bb4+ 7. Nc3 Nxe4 8.
O-O Nxc3 9. bxc3 d5 10. Re1+ Be7 11. Bd3 O-O 12. Ne5 Nxe5 13. Rxe5 Bf6 14. Re1
Re8 15. Be3 Bd7 16. Qh5 g6 17. Qxd5 Bc6 18. Qxd8 Raxd8 19. Bh6 b6 20. Kf1 Bb7
21. a4 c5 22. Rxe8+ Rxe8 23. dxc5 bxc5 24. Be3 Rd8 25. Be2 Bxc3 26. Rb1 Be4 27.
Rd1 Rxd1+ 28. Bxd1 Bb4 29. f3 Bd3+ 30. Be2 Bc2 31. a5 Kf8 32. a6 Ke7 33. Bf4
Ba5 34. Bc4 Bf5 35. Ke2 Be6 36. Kd3 Bf5+ 37. Ke3 Bb6 38. Bb8 Be6 39. Kd3 Bf5+
40. Ke3 f6 41. Kd2 Kd7 42. Bg3 Bc7 43. Bf2 Kc6 44. g4 Bc8 45. Bg8 h6 46. Bf7 g5
47. Bc4 Bxh2 48. Be1 Kb6 49. Kd3 Bxa6 50. Bxa6 Kxa6 51. Kc4 Bg1 52. Bg3 Kb6 53.
Bd6 a5 54. Bf8 a4 55. Bxh6 Bd4 56. Bf8 a3 57. Kb3 Bb2 58. Bd6 Kb5 59. Ka2 c4
60. Be7 Kc6 61. Bf8 Kd5 62. Be7 c3 63. Bxf6 c2 64. Bxb2 axb2 65. Kxb2 Kd4 66.
Kxc2 Ke3 67. Kd1 Kxf3 68. Ke1 Kxg4 69. Kf2 Kh3 70. Kg1 Kg3 71. Kh1 g4 72. Kg1
Kf3 73. Kh2 Kf2 74. Kh1 Kg3 75. Kg1 Kh3 76. Kf2 Kh2 0-1

[Event "Championnat de France Universitaire 201"]
[Site "Chalons-en-Champagne"]
[Date "2015.03.29"]
[Round "7.1"]
[White "Demuth, Adrien"]
[Black "Sauviat, Thomas"]
[Result "1-0"]
[WhiteElo "2600"]
[BlackElo "2320"]
[PlyCount "45"]
[EventDate "2015.03.28"]
[EventType "swiss (rapid)"]
[EventRounds "9"]
[EventCountry "FRA"]

1. Nf3 Nf6 2. c4 c5 3. b3 g6 4. Bb2 Bg7 5. g3 O-O 6. Bg2 Nc6 7. O-O d6 8. d4
cxd4 9. Nxd4 Bd7 10. Nc3 Qc8 11. Re1 Nxd4 12. Qxd4 Bc6 13. e4 Nd7 14. Nd5 Bxd4
15. Nxe7+ Kg7 16. Bxd4+ f6 17. Nxc8 Rfxc8 18. Rad1 Nc5 19. Bxc5 dxc5 20. e5
Bxg2 21. Rd7+ Kh6 22. Kxg2 fxe5 23. Rxe5 1-0